Serbska bibliografija 1991-1995. - Bautzen : Domowina. - 1998 [Rezension]
| Titel: | Serbska bibliografija 1991-1995. - Bautzen : Domowina. - 1998 [Rezension] |
|---|---|
| Verfasser: | |
| In: |
Neues Archiv für sächsische Geschichte, Band 70 (1999), Seite 272-273 alle Artikel anzeigen |
| Veröffentlicht: | 1999 [2000] |
| Format: | Aufsatz |
| Sprache: | Deutsch |
X
alg: 39505006 001A $01999:12-11-16 001B $01999:04-08-21 $t21:03:11.000 001D $01999:12-11-16 001U $0utf8 001X $00 002@ $0Aox 003@ $0395050065 007A $0395050065 $aHEB 007T $0Herd31657 010@ $ager 011@ $a1999 $n1999 [2000] 021A $aSerbska bibliografija 1991-1995. - Bautzen : Domowina. - 1998 [Rezension] 028A $aVoigt $dUlrich 031A $d70 $h272-273 $j1999 039B $aIn $8--Abvc--. Neues Archiv für sächsische Geschichte. - Neustadt a.d. Aisch : Schmidt, 1880-. - ISSN 0944-8195 $x199900000700000728 $9047449519 039T $8--Aax--. Serbska bibliografija 1991-1995. - Bautzen : Domowina, 1998. - 396 S. $9395448514 045F $a900.94385 $eDDC23BSB 045F/01 $a900 045F/03 $g4385 045T $a8,1 lok: 39505006 78 exp: 39505006 78 1 #EPN 201B/01 $018-11-16 $t13:35:30.000 201U/01 $0utf8 203@/01 $0791348687 208@/01 $a12-11-16 $be 209A/01 $a/ $f000 $x00 220C/01 $aTitelaufnehmer: cs 244Z/01 $2Trx $#Silesia $#Śląsk $#Sliezsko $#Slezsko $8--Trx--Schlesien $x01 $9391173987 244Z/01 $2Trx $#arvustused $#recenzijos $#Reviews $#recenziók $#recenzje $#recenzie $#recenze $8--Trx--Rezensionen $x02 $9391357441 247C/01 $82080>Marburg/Lahn, Herder-Institut, Forschungsbibliothek, Bibliographieportal $9336309341
| LEADER | 00000caa a22000002c 4500 | ||
|---|---|---|---|
| 001 | 395050065 | ||
| 003 | DE-603 | ||
| 005 | 20210804210311.0 | ||
| 007 | tu | ||
| 008 | 161112s1999 xx |||| | u00||u|ger c | ||
| 035 | |a (DE-599)HEB395050065 | ||
| 040 | |a DE-603 |b ger |c DE-603 |d DE-603 | ||
| 041 | |a ger | ||
| 082 | 0 | 4 | |8 1\u |a 900.94385 |q DE-101 |2 23/BSB |
| 084 | |a 8,1 |2 ssgn | ||
| 085 | |8 1\u |b 900 | ||
| 085 | |8 1\u |z 2 |s 4385 | ||
| 100 | 1 | |a Voigt, Ulrich | |
| 245 | 0 | 0 | |a Serbska bibliografija 1991-1995. - Bautzen : Domowina. - 1998 [Rezension] |
| 264 | 0 | |c 1999 [2000] | |
| 773 | 0 | 8 | |i In |t Neues Archiv für sächsische Geschichte |d Neustadt a.d. Aisch : Schmidt, 1880- |x 0944-8195 |g Band 70 (1999), Seite 272-273 |w (DE-603)047449519 |w (DE-600)280274-0 |
| 787 | 0 | 8 | |i Rezension von |t Serbska bibliografija 1991-1995 |d Bautzen : Domowina, 1998 |h 396 S. |w (DE-603)395448514 |
| 924 | 0 | |9 2080 |a (DE-603)791348687 |b DE-2080 |c HES |d d |g / | |


